000 00801nam a2200229Ia 4500
008 0000001984 ck a 0000000000spa00
020 _a9589501311
090 _aPSP00 R21i
100 1 _aRecasens, José de
_d1915
245 1 0 _aIsrael
_c/ dibujos y pinturas por José de Recasens ; prólogo de Germán Arciniegas
300 _a158 p.
_c/ 29 cm.
500 _aDonación sr León Caridi (20080115)
600 0 0 _aRECASENS, JOSE DE, 1915/
_xTRABAJOS PICTORICOS
650 1 4 _aARTE CONTEMPORANEO ESPAÑOL
650 1 4 _xCATALOGOS
650 1 4 _aDIBUJOS ESPAÑOLES
650 1 4 _aPINTORES ESPAÑOLES
650 1 4 _aPINTURA ESPAÑOLA
651 _a6.ISRAEL PINTURAS
700 1 _aArciniégas, Germán
999 _c8731
_d8731
260 _aBogotá : Instituto de Relaciones Culturales ColomboIsraelí
_c1984